Mysteries of the Unexplained / (Record no. 16157)
[ view plain ]
| 000 -LEADER | |
|---|---|
| fixed length control field | 00996nam a2200253 a 4500 |
| 001 - CONTROL NUMBER | |
| control field | 2334267 |
| 005 - DATE AND TIME OF LATEST TRANSACTION | |
| control field | 19840316000000.0 |
| 008 - FIXED-LENGTH DATA ELEMENTS--GENERAL INFORMATION | |
| fixed length control field | 820617s1982 nyua b 001 0 eng |
| 010 ## - LIBRARY OF CONGRESS CONTROL NUMBER | |
| LC control number | 82060791 |
| 040 ## - CATALOGING SOURCE | |
| Original cataloging agency | DLC |
| Transcribing agency | DLC |
| Modifying agency | DLC |
| 050 00 - LIBRARY OF CONGRESS CALL NUMBER | |
| Classification number | AG243 |
| Item number | .M35 1982 |
| 082 00 - DEWEY DECIMAL CLASSIFICATION NUMBER | |
| Classification number | 001.94 |
| Edition number | 22 |
| Item number | MYS |
| 100 1# - MAIN ENTRY--PERSONAL NAME | |
| Personal name | Marshall, Richard. |
| 9 (RLIN) | 27594 |
| 245 10 - TITLE STATEMENT | |
| Title | Mysteries of the Unexplained / |
| Statement of responsibility, etc | Reader's Digest ; [chief contributing writer, Richard Marshall ; contributing writers, Monte Davis, Valerie Moolman, Georg Zappler]. |
| 260 ## - PUBLICATION, DISTRIBUTION, ETC. (IMPRINT) | |
| Place of publication, distribution, etc | Pleasantville, N.Y. : |
| Name of publisher, distributor, etc | Reader's Digest Association,1982 |
| Date of publication, distribution, etc | c1982. |
| 300 ## - PHYSICAL DESCRIPTION | |
| Extent | 320 p. : |
| Other physical details | ill. (some col.) ; |
| Dimensions | 29 cm. |
| 500 ## - GENERAL NOTE | |
| General note | Includes index. |
| 504 ## - BIBLIOGRAPHY, ETC. NOTE | |
| Bibliography, etc | Bibliography: p. 307-310. |
| 650 #0 - SUBJECT ADDED ENTRY--TOPICAL TERM | |
| Topical term or geographic name as entry element | Curiosities and wonders. |
| 9 (RLIN) | 27595 |
| 653 ## - INDEX TERM--UNCONTROLLED | |
| Resource For college | |
| Arrived date list | October2011 |
| 730 0# - ADDED ENTRY--UNIFORM TITLE | |
| Uniform title | Reader's digest. |
| 9 (RLIN) | 27596 |
| 942 ## - ADDED ENTRY ELEMENTS (KOHA) | |
| Source of classification or shelving scheme | Dewey Decimal Classification |
| Item type | Book - Borrowing |
| Withdrawn status | Item status | Source of classification or shelving scheme | Damaged status | Not for loan | Vendor | Home library | Current library | Shelving location | Date acquired | Source of acquisition | Total Checkouts | Total Renewals | Full call number | Barcode | Date last seen | Date last borrowed | Koha item type |
|---|---|---|---|---|---|---|---|---|---|---|---|---|---|---|---|---|---|
| Dewey Decimal Classification | سور الازبكية | Central Library | Central Library | Lower Floor | 26/10/2011 | 3 | 19 | 001.94 MYS | 000025501 | 15/07/2025 | 18/11/2018 | Book - Borrowing |